[Event "IECG QN.2000.0.00151"]
[Site "IECG email"]
[Date "2000.11.18"]
[Round "?"]
[White "Tagg, Nathan"]
[Black "Campbell, Graham G"]
[Result "1/2-1/2"]
[WhiteElo "800"]
[BlackElo "711"]
[PlyCount "30"]
[EventDate "2000.11.18"]
[EventType "tourn (corr)"]
[EventRounds "6"]
[SourceTitle "Corr 2008"]
[Source "ChessBase"]
[SourceDate "2008.06.24"]
[SourceVersion "1"]
[SourceVersionDate "2008.06.24"]
[SourceQuality "1"]

1. e4 c6 2. d4 d5 3. Bd3 dxe4 4. Bxe4 Nf6 5. Nc3 Nxe4 6. Nxe4 Bf5 7. Ng3 Bg6 8. Nf3 f6 9. 0-0 Nd7 10. Bf4 Qb6 11. b3 h5 12. Re1 h4 13. Ne4 0-0-0 14. Ned2 Bh5 15. Nc4 Qb5 1/2-1/2

[Event "IECG QN.2000.0.00151"]
[Site "IECG email"]
[Date "2000.11.18"]
[Round "?"]
[White "Tagg, Nathan"]
[Black "Robertson, Alan B"]
[Result "0-1"]
[WhiteElo "800"]
[BlackElo "800"]
[PlyCount "24"]
[EventDate "2000.11.18"]
[EventType "tourn (corr)"]
[EventRounds "6"]
[SourceTitle "Corr 2008"]
[Source "ChessBase"]
[SourceDate "2008.06.24"]
[SourceVersion "1"]
[SourceVersionDate "2008.06.24"]
[SourceQuality "1"]

1. e4 e5 2. Bd3 Nf6 3. Nf3 Nc6 4. 0-0 Bc5 5. c3 0-0 6. Qb3 a5 7. Bc4 Nxe4 8. d4 exd4 9. Nfd2 a4 10. Qc2 d5 11. Nxe4 Bf5 12. Bg5 Bxe4 0-1